| 000 | 01634cam a2200421 4500 | ||
|---|---|---|---|
| 008 | 030702n2003 000 0 eng u | ||
| 020 | _a0754622223 | ||
| 035 | _a(Sirsi) u122873 | ||
| 041 | _aeng | ||
| 050 |
_a333.73 _c21 |
||
| 050 |
_a333 _c18 |
||
| 245 | 4 | _aThe economics of land use | |
| 260 |
_aAldershot _bAshgate _c2003 |
||
| 300 |
_axxxiv, 590p. _c25cm. |
||
| 350 | _a110 | ||
| 490 | _aAshgate International Library of Environmental Economics and Policy | ||
| 505 | _aStudies based on given political - government institutions and full private or public ownership: Ricardian Rent; Space - Von Thunen Rent; Landscape - location studies of land use. | ||
| 505 | _aStudies with given political - government institutions that do not have complete property rights: Open access public property; commons; takings. | ||
| 505 | _aStudies with mutable government institutions - political economy of land use. | ||
| 520 | _aBrings together significant journal essays in key areas of contemporary rural and urban land use economics and policy. | ||
| 650 |
_aLand use _96251 |
||
| 650 | _aLAND VALUES | ||
| 650 | _aFORESTRY | ||
| 650 | _aENVIRONMENTAL ECONOMICS | ||
| 650 | _aLAND DEVELOPMENT | ||
| 650 | _aRICARDIAN THEORY | ||
| 650 | _aVON THUNEN THEORY | ||
| 650 | _aLAND ALLOCATION | ||
| 650 | _aPROPERTY-RURAL AND NATURAL ASSETS-AGRICULTURAL PROPERTY-AGRICULTURAL LAND | ||
| 650 | _aRURAL LAND | ||
| 650 | _aURBAN LAND | ||
| 650 | _aLAND USE POLICY | ||
| 650 | _aLAND ECONOMICS | ||
| 690 | _aPROPERTY | ||
| 700 |
_aParks, Peter J. _xEditor |
||
| 700 |
_aHardie, Ian W. _xEditor |
||
| 942 | _n0 | ||
| 999 |
_c102950 _d102950 |
||